Current Events - U.S. | 1 | 10.00 | 100% | 0% | 0% |
Current Events - World | 2 | 20.00 | 100% | 50% | 50% |
Fine Arts - Architecture | 1 | 10.00 | 100% | 0% | 0% |
Fine Arts - Ballet/Dance | 1 | 20.00 | 100% | 100% | 0% |
Fine Arts - Film | 1 | 10.00 | 100% | 0% | 0% |
Fine Arts - Jazz | 2 | 5.00 | 50% | 0% | 0% |
Fine Arts - Miscellaneous | 3 | 16.67 | 100% | 33% | 33% |
Fine Arts - Music | 10 | 12.00 | 90% | 20% | 10% |
Fine Arts - Opera | 1 | 10.00 | 100% | 0% | 0% |
Fine Arts - Painting | 7 | 15.71 | 100% | 43% | 14% |
Fine Arts - Photography | 1 | 10.00 | 100% | 0% | 0% |
Fine Arts - Sculpture | 2 | 20.00 | 100% | 50% | 50% |
Geography - World | 3 | 13.33 | 100% | 33% | 0% |
History - American | 7 | 22.86 | 100% | 100% | 29% |
History - Cross, Historiography, and Miscellaneous | 11 | 22.73 | 100% | 82% | 46% |
History - European | 8 | 26.25 | 100% | 100% | 63% |
History - World | 7 | 21.43 | 100% | 71% | 43% |
Literature - American | 8 | 13.75 | 100% | 38% | 0% |
Literature - British | 9 | 16.67 | 89% | 56% | 22% |
Literature - European | 7 | 15.71 | 100% | 43% | 14% |
Literature - World and Miscellaneous | 12 | 14.17 | 92% | 42% | 8% |
Other - Other Academic and General Knowledge | 4 | 20.00 | 100% | 100% | 0% |
RMP - Christian Practice | 1 | 20.00 | 100% | 100% | 0% |
RMP - Greco-Roman Mythology | 2 | 25.00 | 100% | 100% | 50% |
RMP - Hebrew Bible | 1 | 20.00 | 100% | 100% | 0% |
RMP - Hinduism | 1 | 10.00 | 100% | 0% | 0% |
RMP - New Testament | 1 | 20.00 | 100% | 100% | 0% |
RMP - Other Religion | 2 | 10.00 | 100% | 0% | 0% |
RMP - Philosophy | 5 | 14.00 | 100% | 20% | 20% |
RMP - World Mythology | 5 | 18.00 | 100% | 60% | 20% |
Science - Astronomy | 1 | 10.00 | 100% | 0% | 0% |
Science - Biology | 9 | 15.56 | 100% | 56% | 0% |
Science - Chemistry | 6 | 18.33 | 100% | 67% | 17% |
Science - Computer Science | 1 | 20.00 | 100% | 100% | 0% |
Science - Earth | 2 | 10.00 | 100% | 0% | 0% |
Science - Math | 4 | 17.50 | 100% | 50% | 25% |
Science - Physics | 6 | 15.00 | 100% | 17% | 33% |
Social Science - Anthropology | 1 | 30.00 | 100% | 100% | 100% |
Social Science - Economics | 1 | 20.00 | 100% | 100% | 0% |
Social Science - Other | 1 | 30.00 | 100% | 100% | 100% |
Social Science - Psychology | 3 | 16.67 | 100% | 33% | 33% |